LIBRARY & INFORMATION CENTRE, KCAET, TAVANUR

ONLINE PUBLIC ACCESS CATALOGUE (OPAC)

Normal view MARC view
  • Arnon,I

Entry Personal Name

Number of records used in: 1

001 - CONTROL NUMBER

  • control field: 772

003 - CONTROL NUMBER IDENTIFIER

  • control field: OSt

005 - DATE AND TIME OF LATEST TRANSACTION

  • control field: 20160705123524.0

008 - FIXED-LENGTH DATA ELEMENTS

  • fixed length control field: 160705|| aca||aabn | a|a d

040 ## - CATALOGING SOURCE

  • Original cataloging agency: OSt
  • Transcribing agency: OSt

100 ## - HEADING--PERSONAL NAME

  • Personal name: Arnon,I

670 ## - SOURCE DATA FOUND

  • Source citation: Work cat.: (OSt): Arnon,I, Agriculturre in Dry Lands: Principles and Practice, 2014
free website counter